| 000 | 00599nam a22001937a 4500 | ||
|---|---|---|---|
| 999 |
_c10687 _d10687 |
||
| 003 | AR-CdUCM | ||
| 008 | 190401b ||||| |||| 00| 0 spa d | ||
| 040 |
_aMUNICIPALIDAD PROVINCIAL DEL CUSCO _cBIBLIOTECA MUNICIPAL DEL CUSCO |
||
| 082 |
_aES / 984 / _bA69 |
||
| 100 |
_aArguedas, Alcides _91887 |
||
| 245 | _aHistoria general de Bolivia II / | ||
| 260 |
_aLima : _bFondo editorial navarrete, |
||
| 300 |
_a126 paginas ; _c15 cm. |
||
| 505 | _aContenido :Historia general de Bolivia II. | ||
| 650 |
_aLiteratura peruana _9169 |
||
| 650 |
_aBolivia _91138 |
||
| 942 |
_2ddc _cLIBROS |
||
| 945 | _arum | ||